Handbook of Philosophical Logic

Saved in:
Bibliographic Details
Other Authors: Gabbay, Dov M., 1945- (Editor), Guenthner, Franz (Editor)
Format: Book
Language:English
Published: Dordrecht : Kluwer, 1983-1989.
Series:Synthese library ; 164-165-166-167
Subjects:
Tags: Add Tag
No Tags, Be the first to tag this record!

MARC

LEADER 00000cam a2200000 i 4500
001 1/62926
008 941103s19831989ne | ||| |||| ||eng||
020 |a 9027715424 
020 |a 9027716048 
020 |a 9027716056 
020 |a 9027716056 
035 |1 ΕΛΗ  |a 1996  |b 0208  |c ΚΕΡΕΜΙΔΗΣ  |l 10046703 
035 |a 1993  |c ΠΑΝΑΓΙΩΤΟΠΟΥΛΟΣ 
040 |a GR-MyUA  |b gre  |e AACR2 
041 0 |a eng 
082 0 |a 160  
245 1 0 |a Handbook of Philosophical Logic /   |c edited by D. Gabbay and F. Guenthner.  
260 |a Dordrecht :   |b Kluwer,   |c 1983-1989.  
300 |a 4 τ. ;   |c 23 εκ.  
490 1 |a (Synthese library   |v ; 164  |v ; 165  |v ; 166  |v ; 167) 
500 |a Περιέχει βιβλιογραφικές αναφορές και ευρετήριο.  
505 0 |a Τ. 1. Elements of Classical Logic -- τ. 2. Extensions of Classical Logic -- τ. 3. Alternatives to Classical Logic -- τ. 4. Topics in the Philosophy of Language.  
650 0 0 |a Logic. 
650 0 0 |a Language and logic. 
650 0 0 |a Language and languages  |x Philosophy. 
650 0 0 |a Natural language processing (Computer science) 
650 0 0 |a Speeches, addresses, etc. 
700 1 |a Gabbay, Dov M.,   |d 1945-  |e edt 
700 1 |a Guenthner, Franz,  |e edt 
740 0 2 |a Elements of Classical Logic 
740 0 2 |a Extensions of Classical Logic 
740 0 2 |a Alternatives to Classical Logic 
830 0 |a Synthese library ;  |v  164-165-166-167 
852 |a INST  |b SAMOS  |e 19941103  |h 160 HAN  |p 005300004595  |q 005300004595  |t BK  |y 0  |z v.4 
852 |a INST  |b SAMOS  |e 19961114  |h 160 HAN  |p 005300009494  |q 005300009494  |t BK  |y 0  |z v.4 
852 |a INST  |b SAMOS  |e 19960227  |h 160 HAN  |p 005300009495  |q 005300009495  |t BK  |y 0  |z v.2 
852 |a INST  |b SAMOS  |e 19960227  |h 160 HAN  |p 005300009496  |q 005300009496  |t BK  |y 0  |z v.3 
852 |a INST  |b SAMOS  |e 19960227  |h 160 HAN  |p 005300009497  |q 005300009497  |t BK  |y 0  |z v.1 
852 |a INST  |b SAMOS  |e 19941103  |h 160 HAN  |p 005300004595  |q 005300004595  |t BK  |v v.4:  |y 0  |z v.4 
852 |a INST  |b SAMOS  |e 19961114  |h 160 HAN  |p 005300009494  |q 005300009494  |t BK  |v v.4:  |y 0  |z v.4 
852 |a INST  |b SAMOS  |e 19960227  |h 160 HAN  |p 005300009495  |q 005300009495  |t BK  |v v.2:  |y 0  |z v.2 
852 |a INST  |b SAMOS  |e 19960227  |h 160 HAN  |p 005300009496  |q 005300009496  |t BK  |v v.3:  |y 0  |z v.3 
852 |a INST  |b SAMOS  |e 19960227  |h 160 HAN  |p 005300009497  |q 005300009497  |t BK  |v v.1:  |y 0  |z v.1 
853 |a INST  |b SAMOS  |h 160 HAN 
909 |a Σ  |b 041660 
909 |a Σ  |b 041661 
909 |a Σ  |b 041662 
909 |a Σ  |b 041663 
909 |a Σ  |b 029685